• 首页
  • 本馆介绍
  • 公告通知
  • 最新文献
  • 馆藏检索
  • 电子资源
  • 读者导购
  • 参考咨询
  • 我的图书馆
  • 登录
  • 详细信息显示
  • 放入我的书架
  • 预约/预借图书
  • 作者相关作品
  • 分类相关作品
  • 丛书相关作品
  • 出版社相关作品

书目信息

  • 表格格式
  • 工作单格式
  • 卡片格式
题名:
盗火
    
 
作者: 谢列布里雅柯娃 著 ;何宏江 , 黄有自 译
分册: 下册  
出版信息: 北京   中国青年出版社  1984
页数: 563-1066页
开本: 21cm
丛书名:
单 册:
中图分类: A712
科图分类:
主题词: 马克思--生平事迹 , 马克思--回忆录
电子资源:
ISBN:
000 00774nam0 2200265 45
001 0184004013
005 20050517153838.9
010    @dCNY3.70
091    @a10009.796
100    @a19950517d1984 em y0chiy0121 ea
101 1  @achi@crus
102    @aCN@b110000
105    @ay z 000ay
200 10 @a盗火@Adao huo@h下册@f(苏)伽·谢列布里雅柯娃著@F(Su)Jia·Xie Lie Bu Li Ya Ke Wa Zhu@g何宏江,黄有自译
210    @a北京@c中国青年出版社@d1984
215    @a563-1066页@d21cm
606 0  @a马克思@x生平事迹
606 0  @a马克思@x回忆录
690    @aA712@v3
701  0 @a谢列布里雅柯娃@4著
702  0 @a何宏江@AHe Hong Jiang@4译
702  0 @a黄有自@AHuang You Zi@4译
801  0 @aCN@b上海图书馆@c20031225
801  2 @aCN@bNLC@c20031225
905    @dA712@e38:2@f1@b113196
    
    盗火.下册/(苏)伽·谢列布里雅柯娃著/何宏江,黄有自译.-北京:中国青年出版社,1984
    563-1066页;21cm
    
    
    ISBN :CNY3.70
    
●
相关链接 在E读中查询图书 在五车中查询图书 在当当中查询图书 在豆瓣中查询图书


正题名:盗火     索取号:A712/38:2         预约/预借

序号 登录号 条形码 馆藏地/架位号 状态 备注
1 0113192   001718305   密集书库/ [索取号:A712/38:2] 在馆    
2 0113193   000955522   第一借阅区/ [索取号:A712/38:2] 在馆    
3 0113194   001718314   密集书库/ [索取号:A712/38:2] 在馆    
4 0113195   000955568   第一借阅区/ [索取号:A712/38:2] 在馆    
5 0113196   000955559   第一样本阅览室/ [索取号:A712/38:2] 在馆    
唐山师范学院图书馆 欢迎您!
大连网信软件有限公司© 版权所有